[Event "NED-chT 1415"]
[Site "Netherlands"]
[Date "2015.04.25"]
[Round "9.10"]
[White "Beekman, Robert J"]
[Black "Senders, Mischa"]
[Result "1/2-1/2"]
[WhiteElo "2242"]
[BlackElo "2380"]
[PlyCount "100"]
[EventDate "2014.09.27"]
[EventType "team-tourn"]
[EventRounds "9"]
[EventCountry "NED"]
[SourceTitle "EXT 2016"]
[Source "ChessBase"]
[SourceDate "2015.10.08"]
[SourceVersion "1"]
[SourceVersionDate "2015.10.08"]
[SourceQuality "1"]
[WhiteTeam "Utrecht"]
[BlackTeam "Calder HMC"]
[WhiteTeamCountry "NED"]
[BlackTeamCountry "NED"]

1. d4 d5 2. c4 c6 3. Nf3 Nf6 4. Nc3 dxc4 5. a4 Bf5 6. Ne5 Nbd7 7. Nxc4 Nb6 8. Ne5 e6 9. a5 Nbd7 10. a6 Nxe5 11. dxe5 Qxd1+ 12. Nxd1 Ne4 13. axb7 Bb4+ 14. Nc3 Rd8 15. Ra2 Nxc3 16. bxc3 Bxc3+ 17. Bd2 Bb1 18. Bxc3 Bxa2 19. e4 Kd7 20. Ba5 c5 21. Bb5+ Ke7 22. Ke2 Rd7 23. Bxd7 Kxd7 24. Rd1+ Kc6 25. Rd6+ Kxb7 26. Rd7+ Ka6 27. Bc7 Kb5 28. Bd6 a5 29. Rc7 c4 30. Kd2 Ka4 31. Rxf7 Rc8 32. Kc3 Rc6 33. Rb7 g5 34. f3 h5 35. g3 Rc8 36. Rb8 Rxb8 37. Bxb8 Kb5 38. h4 gxh4 39. gxh4 Bb1 40. Bd6 Bd3 41. Bf8 Be2 42. f4 Bd3 43. Kd4 Kc6 44. f5 exf5 45. exf5 Bxf5 46. Kxc4 Be6+ 47. Kc3 Kd5 48. Kb3 Kxe5+ 49. Ka4 Bg4 50. Kxa5 Ke4 1/2-1/2

[Event "Groningen op 52nd"]
[Site "Groningen"]
[Date "2014.12.29"]
[Round "8"]
[White "Theulings, Paul Peter"]
[Black "Senders, Mischa"]
[Result "1-0"]
[WhiteElo "2132"]
[BlackElo "2380"]
[PlyCount "49"]
[EventDate "2014.12.21"]
[EventType "swiss"]
[EventRounds "9"]
[EventCountry "NED"]
[SourceTitle "CBM 164 Extra"]
[Source "ChessBase"]
[SourceDate "2015.03.02"]
[SourceVersion "1"]
[SourceVersionDate "2015.03.02"]
[SourceQuality "1"]

1. Nf3 d5 2. d4 c6 3. c4 Nf6 4. Nc3 dxc4 5. a4 Bf5 6. e3 e6 7. Bxc4 Bb4 8. 0-0 0-0 9. Qe2 Bg6 10. Ne5 Nbd7 11. Nxg6 hxg6 12. Rd1 Qc7 13. e4 e5 14. d5 Rfd8 15. dxc6 Bxc3 16. cxb7 Qxb7 17. bxc3 Qxe4 18. Qa2 Qh4 19. Bxf7+ Kh7 20. Ba3 Ng4 21. h3 Ndf6 22. Qc2 e4 23. Be7 e3 24. hxg4 Rh8 25. Qxg6# 1-0

[Event "Groningen op 52nd"]
[Site "Groningen"]
[Date "2014.12.24"]
[Round "4"]
[White "Al Hajiri, Bader"]
[Black "Senders, Mischa"]
[Result "1-0"]
[WhiteElo "2139"]
[BlackElo "2380"]
[PlyCount "81"]
[EventDate "2014.12.21"]
[EventType "swiss"]
[EventRounds "9"]
[EventCountry "NED"]
[SourceTitle "CBM 164 Extra"]
[Source "ChessBase"]
[SourceDate "2015.03.02"]
[SourceVersion "1"]
[SourceVersionDate "2015.03.02"]
[SourceQuality "1"]

1. e4 c5 2. Nf3 d6 3. d4 Nf6 4. Nc3 cxd4 5. Qxd4 Bd7 6. Bg5 Nc6 7. Qd2 h6 8. Bxf6 gxf6 9. 0-0-0 a6 10. Kb1 b5 11. Be2 e6 12. Rde1 Qa5 13. Nd4 Qb6 14. Nxc6 Bxc6 15. Bh5 Be7 16. Qf4 Qd4 17. Qg4 Kf8 18. Re3 Rg8 19. Qh3 f5 20. Bf3 fxe4 21. Qxh6+ Qg7 22. Qxg7+ Rxg7 23. Nxe4 d5 24. Nd2 Rd8 25. Re2 Bf6 26. h4 e5 27. g3 e4 28. Bg2 b4 29. Nf1 Rg8 30. Ne3 a5 31. Rd1 a4 32. Red2 b3 33. Nxd5 bxa2+ 34. Kxa2 Bxd5+ 35. Rxd5 Rb8 36. c3 Re8 37. Rf5 Kg7 38. Re1 a3 39. Rxe4 Rxe4 40. Bxe4 Rb8 41. Kxa3 1-0

[Event "Vlissingen HZ op 18th"]
[Site "Vlissingen"]
[Date "2014.08.05"]
[Round "5"]
[White "Venkatesh, Marani Rajendran"]
[Black "Senders, Mischa"]
[Result "1-0"]
[WhiteElo "2503"]
[BlackElo "2223"]
[PlyCount "95"]
[EventDate "2014.08.02"]
[EventType "swiss"]
[EventRounds "9"]
[EventCountry "NED"]
[SourceTitle "CBM 161 Extra"]
[Source "ChessBase"]
[SourceDate "2014.08.29"]
[SourceVersion "1"]
[SourceVersionDate "2014.08.29"]
[SourceQuality "1"]

1. e4 c5 2. Nf3 d6 3. Bb5+ Nd7 4. d4 cxd4 5. Qxd4 a6 6. Bxd7+ Bxd7 7. Nc3 e5 8. Qd3 h6 9. Nd2 Rc8 10. Nc4 Qc7 11. Ne3 Nf6 12. 0-0 Be7 13. Bd2 Qc5 14. Rfd1 Be6 15. Be1 0-0 16. a4 Rfd8 17. a5 Qc6 18. b3 Bf8 19. f3 Rd7 20. Kh1 Nh5 21. Qd2 Be7 22. Na4 Rf8 23. Nb6 Rdd8 24. g4 Nf4 25. Bg3 Ng6 26. Nf5 Bg5 27. Qd3 Kh8 28. c4 Bxf5 29. gxf5 Ne7 30. Ra2 g6 31. Nd5 Nxd5 32. Qxd5 gxf5 33. exf5 Qxd5 34. Rxd5 Be3 35. Bh4 Rg8 36. Bf6+ Kh7 37. Ra1 Bd4 38. Rd1 Rc8 39. Rxd6 Rc6 40. Rxc6 bxc6 41. f4 Rg4 42. Bxe5 Bxe5 43. fxe5 Re4 44. Rd7 Rxe5 45. Rxf7+ Kg8 46. Rf6 Re3 47. Rxc6 Rxb3 48. Rxa6 1-0

[Event "Vlissingen HZ op 18th"]
[Site "Vlissingen"]
[Date "2014.08.03"]
[Round "2"]
[White "Senders, Mischa"]
[Black "Dellaert, Sander"]
[Result "1-0"]
[WhiteElo "2223"]
[BlackElo "1585"]
[PlyCount "63"]
[EventDate "2014.08.02"]
[EventType "swiss"]
[EventRounds "9"]
[EventCountry "NED"]
[SourceTitle "CBM 161 Extra"]
[Source "ChessBase"]
[SourceDate "2014.08.29"]
[SourceVersion "1"]
[SourceVersionDate "2014.08.29"]
[SourceQuality "1"]

1. e4 d6 2. d4 Nf6 3. Nc3 g6 4. Bg5 Bg7 5. Qd2 0-0 6. f4 c6 7. Nf3 b5 8. Bd3 a5 9. 0-0-0 Na6 10. e5 b4 11. Ne4 Nxe4 12. Bxe4 d5 13. Bd3 Qc7 14. f5 Bxf5 15. Bxf5 gxf5 16. Bh6 f6 17. e6 a4 18. Nh4 b3 19. cxb3 axb3 20. a3 c5 21. Kb1 c4 22. Nxf5 c3 23. bxc3 Rfc8 24. Bxg7 Nb4 25. Kb2 Qa7 26. Ra1 Na2 27. Rxa2 bxa2 28. Ka1 Qxa3 29. Qc1 Qxc1+ 30. Rxc1 Ra3 31. Nxe7+ Kxg7 32. Nxc8 1-0